| 000 | 00813cam a22002414a 4500 | ||
|---|---|---|---|
| 001 | 14204830 | ||
| 005 | 20180124033308.0 | ||
| 008 | 051219s2006 inua 001 0 eng | ||
| 010 | _a 2005036852 | ||
| 020 | _a1593573103 (pbk. : alk. paper) | ||
| 035 | _a(OCoLC)ocm62878359 | ||
| 040 |
_aDLC _cDLC _dYDX _dBAKER _dNPL _dCRH _dQBX _dDLC |
||
| 041 | _aeng | ||
| 042 | _apcc | ||
| 080 | _a331.702082 KEL | ||
| 082 | 0 | 0 |
_a331.702082 KEL _222 |
| 100 | 1 | _a2 | |
| 101 | _aINF | ||
| 245 | 1 | 0 |
_aFirestarters : _cKelly Beatty, Dale Salvaggio Bradshaw. |
| 906 |
_a7 _bcbc _corignew _d1 _eecip _f20 _gy-gencatlg |
||
| 942 |
_2ddc _cBK |
||
| 999 |
_c40813 _d40813 |
||